000
00336nam a2200133Ia 4500
008
240624s9999 xx 000 0 und d
041
_a
eng
082
_a
920 SET
100
_a
SETH LETINA
245
_a
ON BALANCE AN AUTOBIOGRAPHY
260
_c
2003
_a
New Delhi
_b
Penguin Viking
300
_a
xiv, : 474 : p. : cm. ; 22
365
_c
RS
_b
20
999
_c
6879
_d
6879